<?xml version="1.0" encoding="UTF-8"?><?xml-stylesheet type="text/xsl" href="static/style.xsl"?><OAI-PMH xmlns="http://www.openarchives.org/OAI/2.0/" xmlns:xsi="http://www.w3.org/2001/XMLSchema-instance" xsi:schemaLocation="http://www.openarchives.org/OAI/2.0/ http://www.openarchives.org/OAI/2.0/OAI-PMH.xsd"><responseDate>2026-04-13T01:36:52Z</responseDate><request verb="GetRecord" identifier="oai:www.recercat.cat:10230/71852" metadataPrefix="marc">https://recercat.cat/oai/request</request><GetRecord><record><header><identifier>oai:recercat.cat:10230/71852</identifier><datestamp>2025-11-13T17:48:11Z</datestamp><setSpec>com_2072_6</setSpec><setSpec>col_2072_452952</setSpec></header><metadata><record xmlns="http://www.loc.gov/MARC21/slim" xmlns:dcterms="http://purl.org/dc/terms/" xmlns:xsi="http://www.w3.org/2001/XMLSchema-instance" xmlns:doc="http://www.lyncode.com/xoai" xsi:schemaLocation="http://www.loc.gov/MARC21/slim http://www.loc.gov/standards/marcxml/schema/MARC21slim.xsd">
   <leader>00925njm 22002777a 4500</leader>
   <datafield ind2=" " ind1=" " tag="042">
      <subfield code="a">dc</subfield>
   </datafield>
   <datafield ind2=" " ind1=" " tag="720">
      <subfield code="a">Cuartielles Saura, Roger</subfield>
      <subfield code="e">author</subfield>
   </datafield>
   <datafield ind2=" " ind1=" " tag="720">
      <subfield code="a">Carral-Vilar, Uxía</subfield>
      <subfield code="e">author</subfield>
   </datafield>
   <datafield ind2=" " ind1=" " tag="260">
      <subfield code="c">2025-11-11T07:17:07Z</subfield>
   </datafield>
   <datafield ind2=" " ind1=" " tag="260">
      <subfield code="c">2025-11-11T07:17:07Z</subfield>
   </datafield>
   <datafield ind2=" " ind1=" " tag="260">
      <subfield code="c">2025</subfield>
   </datafield>
   <datafield ind2=" " ind1=" " tag="520">
      <subfield code="a">A medida que la retórica divisiva y la polarización ideológica crecen, se crea un ambiente propicio para la proliferación de «información falsa que es intencionalmente engañosa». Así define S0e (2019, p. 17) la desinformación, un fenómeno al que las personas tienden a ser más receptivas cuando sus creencias políticas están fuertemente arraigadas, lo que se traduce en una mayor propensión a interiorizar y difundir esa información falsa (Pennycook et al., 2018). En efecto, el contexto político siempre ofrece un sustrato fértil para la difusión de la desinformación, pero, especialmente en periodos electorales, la polarización política actúa como un catalizador para la desinformación y su beneficio económico, impulsando narrativas engañosas con el objetivo de movilizar a su base de seguidores o desacreditar a sus oponentes (Renee, 2018). Un ejemplo son las construcciones discursivas populistas, vinculadas conceptualmente a la desinformación por culpa de los medios deshonestos como parte de las élites corruptas que engañan al pueblo (Hameleers, 2020).</subfield>
   </datafield>
   <datafield ind1="8" ind2=" " tag="024">
      <subfield code="a">http://hdl.handle.net/10230/71852</subfield>
   </datafield>
   <datafield tag="653" ind2=" " ind1=" ">
      <subfield code="a">Polarización populista</subfield>
   </datafield>
   <datafield tag="653" ind2=" " ind1=" ">
      <subfield code="a">Desinformación</subfield>
   </datafield>
   <datafield tag="653" ind2=" " ind1=" ">
      <subfield code="a">Fact-checking</subfield>
   </datafield>
   <datafield tag="653" ind2=" " ind1=" ">
      <subfield code="a">IA</subfield>
   </datafield>
   <datafield tag="653" ind2=" " ind1=" ">
      <subfield code="a">Verificación automatizada</subfield>
   </datafield>
   <datafield ind2="0" ind1="0" tag="245">
      <subfield code="a">Herramientas de IA contra la desinformación populista</subfield>
   </datafield>
</record></metadata></record></GetRecord></OAI-PMH>